Fantasy Football Point Leaders 2023-24 - Statistics

General Stats
  • This quiz has been taken 247 times
  • The average score is 26 of 40
Answer Stats
Position Name % Correct
QB Josh Allen
97%
QB Lamar Jackson
95%
QB Patrick Mahomes
95%
WR Keenan Allen
93%
TE Travis Kelce
85%
RB Christian McCaffrey
83%
QB Jalen Hurts
83%
WR Tyreek Hill
80%
WR CeeDee Lamb
79%
RB Derrick Henry
79%
WR Amon-Ra St. Brown
74%
QB Dak Prescott
74%
TE George Kittle
70%
QB Jared Goff
70%
TE Sam LaPorta
70%
WR AJ Brown
69%
QB Brock Purdy
69%
RB Jahmyr Gibbs
68%
QB CJ Stroud
66%
QB Jordan Love
65%
WR Puka Nacua
65%
RB Kyren Williams
64%
RB Bijan Robinson
62%
QB Baker Mayfield
61%
RB Breece Hall
61%
WR Davante Adams
57%
WR Stefon Diggs
56%
RB Joe Mixon
54%
RB Rachaad White
53%
WR Mike Evans
52%
RB Raheem Mostert
52%
WR DJ Moore
50%
TE TJ Hockenson
50%
TE Trey McBride
50%
RB Travis Etienne Jr.
49%
TE Evan Engram
48%
TE David Njoku
45%
TE Jake Ferguson
41%
TE Dalton Schultz
36%
TE Cole Kmet
35%
No matching quizzes found
Score Distribution
Percent of People with Each Score
Percentile by Number Answered
Your Score History
You have not taken this quiz